000 00707nam a2200253Ia 4500
003 OSt
005 20220918225343.0
006 a|||||r|||| 00| 0
007 ta
008 220917b |||||||| |||| 00| 0 eng d
024 _a240,144
037 _cTextual
040 _aARTS
_cARTS
_beng
041 _2eng
_aeng
082 _aO111:g, N8
100 _aEakambaram N. Ed.
_9150256
245 0 _aGlimpses of world literature
260 _aDelhi
_bPencraft International India
_c1998
300 _a208p.
_ccm.
650 _aENGLISH LITERATURE
700 _a Saraswathi V. Ed.
_9150257
942 _hO111:g, N8
_cTEXL
_2CC
999 _c284405
_d284405